00442 a2200157 450000100060000002000060000604000220001210000360003424000270007024500220009730000070011965000230012694200070014995201110015699900170026762148 a  cAnchieta - Pituba aVasconcellos, Paulo Sérgio de10aCupido e psiquêlpor10aCupido e psiquê a75 4aLiteratura juvenil cBK 00104070a91.1b91.1d2023-11-21l0oLJ 028.5 C974c CUPp14733/PITr2023-11-21 18:30:31w2023-11-21yBK c62148d62148